000 00300nam a22001337a 4500
008 171011b xxu||||| |||| 00| 0 eng d
020 _a9780393932324
041 _aeng
080 _27TH
_a316
100 _a50
101 _aSOC
245 _aINTRODUCTION TO SOCIOLOGY
_cGIDDENS,A
942 _2udc
_cBK
999 _c33220
_d33220